Tak som to videl Írsko, Francúzsko, Poľsko, Taliansko

Bibliographic Details
Main Author: Karšay, Alexander, 1921-1992 (Author)
Format: Book
Language:Slovak
PhysicalDescription:133 s., 18 strán nečíslovanej obrazovej prílohy fotografie 25 cm
Published: Bratislava Obzor 1984
Edition:1. vyd.
Series:Svetom
Subjects:

MARC

LEADER 00000cam a2200000 a 4500
001 vtls001118430
003 SK-MaSNL
005 20260301185902.0
008 240226s1984 xo o gr 000 0 slo
015 |a SNBA1984/05 
020 |q (viazané) 
035 |a SNK000061273 
035 |a 7CE8C024-8835-4A3A-9DE6-03715510ACFE 
035 |a urn:nbn:sk:snk-am00ifvn 
040 |a SNK  |b slo  |c SNK  |e AACR2 
041 0 |a slo 
044 |a xo  |c SK 
072 7 |a 91  |x Geografia ako veda. Výskum. Cestovanie  |2 konspekt 
080 |a 910.4  |2 2011 
080 |a (0:82-992)  |2 2011 
100 1 |a Karšay, Alexander,  |d 1921-1992  |4 aut  |9 504869 
245 1 0 |a Tak som to videl  |b Írsko, Francúzsko, Poľsko, Taliansko  |c Alexander Karšay 
250 |a 1. vyd. 
260 |a Bratislava  |b Obzor  |c 1984  |e Bratislava  |f Pravda 
300 |a 133 s., 18 strán nečíslovanej obrazovej prílohy  |b fotografie  |c 25 cm 
366 |e 3000 výtl. 
490 1 |a Svetom 
500 |a Ilustr. na front. Fot. na predsádkach 
600 1 7 |a Karšay, Alexander,  |d 1921-1992  |2 SNKMA  |9 504869 
650 0 7 |a cesty a pobyt  |2 SNKPH  |9 3490 
650 0 7 |a Voyages and travels  |2 SNKPHeng  |9 280379 
655 7 |a cestopisy  |2 SNKPH  |9 70220 
655 7 |a Books of travels  |2 SNKPHeng  |9 280380 
830 0 |a Svetom  |9 279755 
852 |a Slovenská národná knižnica 
954 |a iná literatúra (príručky, kuchárske knihy, hobby literatúra, sprievodcovia) pôvodná (slovenská)  |2 lita 
958 |a OND 
958 |a TL 
958 |a EUIPO 
999 |c 865639  |d 867569 
952 |t P60, <04>, [BOOK], {604}  |a SNK  |b SNK  |y VYP  |7 0  |p 17A0076787  |o snkSC 60798 D1  |0 0  |1 0  |4 0  |d 1997-07-01  |l 0  |r 2004-12-31 00:00:00  |w 2026-02-24 
952 |t P60, <03>, [BOOK], {603}  |a SNK  |b SNK  |y PREZ  |7 0  |p 17A0173853  |o snkSC 60798  |i snkKSP 3212/84  |0 0  |1 0  |4 0  |d 1998-12-11  |f 1  |l 0  |r 2025-06-11 00:00:00  |w 2026-02-24